000 00712nam a22002177a 4500
003 0
005 20251009135905.0
008 251009b xxu||||| |||| 00| 0 eng d
020 _a979-8-89161-598-4
050 _aHF 5548.8
_b.P48 2025
100 _aPeterson, Marcos,
_eauthor.
245 _aIndustrial psychology /
_cMarcos Peterson.
260 _aJersey City, USA :
_bAlexis Press,
_c2025.
300 _ax, 334 pages :
_billustrations ;
_c27 cm.
504 _aIncludes bibliographical references and index.
650 _aPsychology, Industrial.
650 _aPersonnel management
_xPsychological aspects.
650 _aWork
_xPsychological aspects.
650 _aOrganizational behavior.
942 _2lcc
_cBK
999 _c368204
_d368204